| 000 | 00420nam a2200169Ia 4500 | ||
|---|---|---|---|
| 008 | 230524s9999 xx 000 0 und d | ||
| 082 |
_a612 _bGUY |
||
| 100 | _aArthur C.Guyton | ||
| 245 | 0 | _aTextbook of Medical Physiology 11thed. | |
| 250 | _a11TH | ||
| 260 |
_aNEW DELHI _bElsevier _c2006 |
||
| 300 | _aXXXV;1067 | ||
| 500 | _aQuantity Number: 2 | ||
| 650 | _aBiomedical | ||
| 700 | _a John E.Hall | ||
| 942 | _cBK | ||
| 999 |
_c35336 _d35336 |
||